| 000 | 00807nas a2200253 4500 | ||
|---|---|---|---|
| 001 | BR0300700 | ||
| 003 | BR-BrBNA | ||
| 005 | 20231205103552.0 | ||
| 007 | ta | ||
| 008 | 230509b bl.|||p| |||| 00| 00por d | ||
| 040 |
_aBR-BrBNA _bpor _cBiblioteca Nacional de Agricultura |
||
| 041 | _a(En) | ||
| 072 | _aH20 | ||
| 100 | 1 | _aDestéfano, S.A.L. | |
| 100 | 1 | _aRodrigues Neto, J. | |
| 245 | 1 | _aRapid differentiation of Xanthomonas strains causing disease in citrus plants by PCR-RFLP of the 16S-23S rDNA spacer region | |
| 650 | _aFRUTA CÍTRICA | ||
| 650 | _aCANCRO CÍTRICO | ||
| 650 | _aDNA | ||
| 650 | _aLINHAGEM | ||
| 773 | 0 |
_tSumma Phytopathologica (Brazil) _xISSN 0100-5405 _g(Apr-Jun 2002), v. 28(2) p. 167-172 _wBR0300700 |
|
| 909 |
_a202311 _bLúcia _c55 _dLúcia Elande |
||
| 942 |
_2AGRIS _n0 _cANA |
||
| 999 |
_c173566 _d173566 |
||